Caracterización del homicidio en Chile

Salvato in:
Dettagli Bibliografici
Ente Autore: Fundación Paz Ciudadana (Autore)
Natura: Libro
Lingua:spagnolo
Pubblicazione: Santiago Fundación Paz Ciudadana 1999
Soggetti:
Tags: Aggiungi Tag
Nessun Tag, puoi essere il primo ad aggiungerne!!

MARC

LEADER 00000nam a2200000 a 4500
001 UCM0956
003 CL-VaPUC
008 020322e19990000CL |||||||||||||||||spa|d
082 0 4 |a 345.0252  |b FUN  |2 21 
110 2 |a Fundación Paz Ciudadana  |e author  |9 467926 
245 1 0 |a Caracterización del homicidio en Chile 
300 |a 32 p 
942 |c BK 
945 |d 20020322 00:00:00  |a vberengu 
260 |a Santiago  |b Fundación Paz Ciudadana  |c 1999 
650 0 |a Delitos  |9 224143 
650 7 |a HOMICIDIO  |2 CL-VaPUC  |9 336529 
650 7 |a HOMICIDIO - CHILE  |2 CL-VaPUC  |9 467927 
583 |a last modification  |c 20020322 00:00:00  |k Rodrigo Vera 
999 |c 299686  |d 299684 
952 |0 0  |1 0  |2 ddc  |4 0  |6 345_025200000000000_FUN_1999  |7 0  |8 A  |9 356559  |a BIBDER  |b BIBDER  |d 2019-11-21  |i 3713997  |o 345.0252 FUN 1999  |p 3713997  |r 2023-01-25  |w 2019-11-21  |y MX  |k DER